Buteurs marocains en Coupe du Monde - Statistiques

Statistiques générales
  • Ce quiz a été pris 1 069 fois
    927 depuis la dernière actualisation
  • Le résultat moyen est 4 sur 15
Statistiques - réponses
Nombre de buts Club Nom du joueur % Correct
1 Chelsea FC Hakim Ziyech
88%
3 FC Malaga,Séville FC Youssef En-Nesyri
74%
1 Toulouse FC Zakaria Aboukhlal
66%
1 Beşiktaş JK Romain Saïss
48%
1 Stade Brestois 29 Achraf Dari
43%
1 Deportivo La Corogne Mustapha Hadji
28%
1 Yeni Malatyaspor Khalid Boutaïb
26%
2 Deportivo La Corogne Salaheddine Bassir
17%
2 Club Africain Abdeljalil Hadda
9%
2 FAR Rabat Abderrazak Khairi
7%
1 Le Havre AC Abdelkirm Merry Krimau
4%
1 OGC Nice Mohammed Chaouch
3%
1 SC Farense Hassan Nader
2%
1 Raja Casablanca Houmane Jarir
2%
1 FAR Rabat Maouhoub Ghazouani
2%
Aucun quiz correspondant
Distribution des résultats
% des personnes avec chaque résultat
Percentile par nombre de réponses
Votre historique - résultats
Vous n’avez pas pris ce quiz depuis la dernière actualisation